Information System Science and Technology (Record no. 70725)

MARC details
000 -LEADER
fixed length control field 00429nam a2200157 a 4500
005 - DATE AND TIME OF LATEST TRANSACTION
control field 20250211102326.0
008 - FIXED-LENGTH DATA ELEMENTS--GENERAL INFORMATION
fixed length control field 960221s1955 dcuabcdjdbkoqu001 0deng d
100 ## - MAIN ENTRY--PERSONAL NAME
Personal name Walker, Donald E
Role ed. by
245 ## - TITLE STATEMENT
Title Information System Science and Technology
260 ## - PUBLICATION, DISTRIBUTION, ETC. (IMPRINT)
Place of publication, distribution, etc London
Name of publisher, distributor, etc Academic Press
Date of publication, distribution, etc 1967
300 ## - PHYSICAL DESCRIPTION
Extent ix, 411 p
500 ## - GENERAL NOTE
General note Ref at the End of Each chap
653 ## - INDEX TERM--UNCONTROLLED
Uncontrolled term Science and technology
942 ## - ADDED ENTRY ELEMENTS (KOHA)
item type Books
003 - CONTROL NUMBER IDENTIFIER
control field ViArRB
Holdings
Lost status Source of classification or shelving scheme Not for loan Home library Current library Date acquired Total Checkouts Full call number Barcode Date last seen Price effective from Koha item type
  Universal Decimal Classification   University Library University Library 24/11/2010   659.25 WAL 00025407 24/11/2010 24/11/2010 Books
University Library, CUSAT